Digital multimedia
Kaydedildi:
| Asıl Yazarlar: | , |
|---|---|
| Materyal Türü: | Kitap |
| Dil: | İngilizce |
| Baskı/Yayın Bilgisi: |
Nueva York
John Wiley and Sons
2000
|
| Seri Bilgileri: | Worldwide Series in Computer Science
|
| Konular: | |
| Etiketler: |
Etiketle
Etiket eklenmemiş, İlk siz ekleyin!
|
MARC
| LEADER | 00000nam a2200000 a 4500 | ||
|---|---|---|---|
| 001 | UCK3734 | ||
| 003 | CL-VaPUC | ||
| 008 | 050506e20000000US |||||||||||||||||eng|d | ||
| 020 | |a 0471983861 | ||
| 082 | 0 | 4 | |a 006.7 |b CHA |2 21 |
| 100 | 0 | |a Chapman, Nigel |e author |9 491991 | |
| 700 | 0 | |a Chapman, Jenny |e author |9 491992 | |
| 245 | 1 | 0 | |a Digital multimedia |
| 300 | |a 568 p | ||
| 942 | |c BK | ||
| 945 | |d 20050506 00:00:00 |a jcarroza | ||
| 260 | |a Nueva York |b John Wiley and Sons |c 2000 | ||
| 650 | 7 | |a MULTIMEDIA |2 CL-VaPUC |9 373746 | |
| 650 | 7 | |a SISTEMA DE MULTIMEDIA |2 CL-VaPUC |9 435129 | |
| 650 | 0 | |a Diseño de software |9 451623 | |
| 583 | |a last modification |c 20050506 00:00:00 |k Rodrigo Vera | ||
| 490 | 0 | |a Worldwide Series in Computer Science | |
| 999 | |c 312828 |d 312826 | ||
| 952 | |0 0 |1 0 |4 0 |6 006_700000000000000_CHA_2000 |7 0 |8 P |9 383666 |a BIBARQ |b BIBARQ |d 2019-11-21 |i 4120787 |o 006.7 CHA 2000 |p 4120787 |r 2025-01-20 |w 2019-11-21 |y BK |k ARQ | ||